| 000 | 00859nam1a22002171i 4500 | ||
|---|---|---|---|
| 001 | rc\1033237 | ||
| 005 | 20260407135031.0 | ||
| 035 | _a(NLR Aleph) 006248641 | ||
| 090 |
_a6731534 _c6731534 |
||
| 100 | _a20041129g19819999u |0rusy50 ca | ||
| 101 | 0 | _arus | |
| 102 | _aRU | ||
| 105 | _ay ||||||||| | ||
| 200 | 1 |
_aУказатель действующей ведомственной нормативно-технической документации в кинематографии _e[На 01.07.81] _fВсесоюз. н.-и. кинофотоинститут |
|
| 210 |
_aМ. _cНИКФИ _d1981- |
||
| 215 | _d21 | ||
| 712 | 0 | 2 |
_aНаучно-исследовательский кино-фото институт _cМосква _9504384 _3RU\NLR\AUTH\8810003553 |
| 801 | 0 |
_aRU _bNLR _gpsbo |
|
| 801 | 1 |
_aRU _bELAR _2rusmarc |
|
| 852 |
_aNLR _bПт _j10.1/985 |
||
| 942 | _cBOOK | ||